Statistics for Titanfall 2 characters

Click here to take the quiz!

General Stats

  • This quiz has been taken 84 times
    (83 since last reset)
  • The average score is 11 of 14

Answer Stats

HintAnswer% Correct
Main protagonistJack Cooper
98%
Apex predatorAsh
92%
Apex predatorBlisk
88%
Protagonist's helperBT-7274
85%
Apex predatorViper
85%
Former CaptainCaptain Tai Lastimosa
80%
Apex predatorSlone
80%
Militia CommanderSarah Briggs
75%
Apex predatorKane
73%
Apex predatorRichter
68%
6-4 MemberDroz
65%
6-4 MemberBear
60%
6-4 LeaderGates
60%
6-4 MemberDavis
55%

Score Distribution

Percentile by Number Answered

Percent of People with Each Score

Your Score History

You have not taken this quiz since the last reset